| 000 | 00419nam a2200181Ia 4500 | ||
|---|---|---|---|
| 005 | 20240823041804.0 | ||
| 008 | 240823s9999||||xx |||||||||||||| ||und|| | ||
| 041 | _aENGLISH | ||
| 082 | _A808 P8 | ||
| 100 | _aChellappan K Ed. | ||
| 245 | 0 | _aCreative Communication | |
| 250 | _a1st | ||
| 260 |
_c1998 _bEmerald Publi |
||
| 500 | _aTRANSFERED | ||
| 650 |
_aCommunication _bEnglish |
||
| 942 | _cBK | ||
| 999 |
_c206335 _d206335 |
||